| 000 | 00407 a2200145 4500 | ||
|---|---|---|---|
| 005 | 20250711104832.0 | ||
| 020 | _a978-0-321-64936-2 | ||
| 082 | _a332.4 MIS | ||
| 100 | _aMISHKIN, F. S. | ||
| 245 | _aThe Economics of Money, Banking and Financial Markets. | ||
| 250 | _a9th Ed | ||
| 260 |
_aNew York, _bPearson, _c2009. |
||
| 300 |
_axli, 707p.: ill.; figure, table _bGlossary & Index _c25cm |
||
| 942 |
_2ddc _cBKS |
||
| 999 |
_c6672 _d6672 |
||